1084 1070 1447 1103 1651 1857 1419 1413 1050 1958 1178 1191 1728 1784 1069 1196 1792 1461 1289 1736 1452 1041 1353 1569 1939 1799 1736 1316 1132 1974 1522 1356 1436 1553 1383 1666 1882 1708 1162 1638 1804 1217 1426 1002 1634 1761 1145 1470 1936 1307 1313 1154 1680 1430 1138 1943 1505 1481 1694 1490 1459 1485 1368 1186 1980 1622 1466 1488 1638 1989 1987 1718 1091 1422 1683 1114 1162 1747 1554 1835 1426 1826 1233 1039 1230 1648 1960 1708 1565 1837 1041 1390 1550 1735 1069 1637 1026 1389 1775 BCNSPRNW ULIB Ver.6.0+V

เปลี่ยนเป็นภาษาไทย

Change to English
 แสดงรายละเอียดบรรณานุกรม
  กลับหน้าหลัก

Brief Record : Get Marc (ISO 2709) : E-mail record : QR code < ปิดหน้าต่าง
LEADER : 00000nam 2200000uu 4500
001    13399128939
003     ULIB
008    241030s2023||||th 000 0 tha d
020    ^a9781009275187 (pbk.)
050  4 ^aPE1128^bI22
245 00 ^aIELTS 18 academic with answers :^bauthentic examinationtests /^c[Cambridge University Press]
260    ^aCambridge :^bCambridge University Press,^c2023
300    ^a144 p. :^bill. ;^c25 cm.
650  0 ^aInternational English Language Testing System^vStudyguides
650  0 ^aEnglish language^vTextbooks for foreign speakers
650  0 ^aEnglish language^xStudy and teaching
650  0 ^aEnglish language^xExaminations^vStudy guides
650  0 ^aEnglish language^vProblems, exercises, etc.
653    ^aIELTS
945    ^p989^l0^i011193
999    ^aประนอม เกษจรัล
รายการนี้ยังไม่มีแท็ก
คุณยังไม่ได้ล็อกอิน คุณสามารถมีกิจกรรมร่วมกับเว็บไซต์ได้ แต่ต้องล็อกอินก่อน ::
  ล็อกอิน

รายการสื่อสารสนเทศ

ลำดับที่ ประเภท เลขเรียก/บาร์โค้ด สถานที่ สถานะ
1. การศึกษาทั่วไป
หนังสือสำรอง
สถานะ=หนังสือสำรอง
PE1128 I22 ฉ.1 
  Barcode: 011193
ห้องสมุดวิทยาเขตสวรรค์ประชารักษ์
►หนังสือทั่วไป
บนชั้น

BibComment


ยังไม่เคยถูกคอมเมนท์

คอมเมนท์ทรัพยากรรายการนี้
  คอมเมนท์: IELTS 18 academi..


 Copyright 2026. Bcnsprnw @Library